| 000 | 00956nam a2200265 i 4500 | ||
|---|---|---|---|
| 001 | 9045 | ||
| 003 | ES-MaACL | ||
| 005 | 20240527094803.0 | ||
| 007 | t| | ||
| 008 | 930201s1992 sp ||||1| spa d | ||
| 020 | _a84-88406-00-2 | ||
| 080 | _a75(46)"1915-1991" | ||
| 080 | _a7 Caballero, José | ||
| 245 | 0 | 0 |
_aJosé Caballero _b: exposición antológica 1931-1991. |
| 260 |
_aMadrid : _bAyuntamiento, Concejalía de Cultura : _bCentro Cultural de la Villa, _cD.L. 1992. |
||
| 300 |
_a431 p. : _bprincipalmente il. ; _c29 cm. |
||
| 500 | _aCatálogo de la exposición celebrada en Madrid: Noviembre 1992/Enero 1993. | ||
| 600 | 0 | 4 |
_aCaballero, José, _d1915-1991- _xExposiciones _933085 |
| 655 | 7 |
_2tgfbne _9193628 _aCatálogos de exposiciones |
|
| 700 | 1 |
_aCaballero, José, _d1915-1991 _933084 |
|
| 710 | 1 |
_aMadrid. _bConcejalía de Cultura. _95574 |
|
| 852 |
_aES-MaACL _jL-15176 _bR.121158 |
||
| 942 | _2udc | ||
| 999 |
_c9045 _d9045 |
||